[Event "Madrid ch - Previa A 2013"]
[Site "Madrid ESP"]
[Date "2013.02.06"]
[Round "3.26"]
[White "Prieto Saiz, Carlos Francisco"]
[Black "Navas Marin, Felix"]
[Result "1-0"]
[WhiteElo "1740"]
[BlackElo "1556"]
[PlyCount "39"]
[EventDate "2013.02.04"]
[EventType "swiss"]
[EventRounds "9"]
[EventCountry "ESP"]
[Source "lmi"]
[SourceDate "2013.02.04"]

1. d4 Nf6 2. Nf3 g6 3. c4 Bg7 4. Nc3 d6 5. Bf4 O-O 6. Qd2 Bg4 7. Qd3 Nh5 8. Bg3
Nxg3 9. hxg3 Nc6 10. e3 Bxf3 11. gxf3 a6 12. f4 Kh8 13. Bg2 Qd7 14. Bh3 f5 15.
a3 e5 16. dxe5 Rad8 17. Rd1 Rf7 18. Qc2 Qe6 19. Bg2 Qxc4 20. Bd5 1-0

[Event "Madrid ch - Previa A 2013"]
[Site "Madrid ESP"]
[Date "2013.02.06"]
[Round "3.27"]
[White "Suarez Mencia, Roberto"]
[Black "Castro Uceda, Jose Antonio"]
[Result "0-1"]
[WhiteElo "1555"]
[BlackElo "1668"]
[PlyCount "82"]
[EventDate "2013.02.04"]
[EventType "swiss"]
[EventRounds "9"]
[EventCountry "ESP"]
[Source "lmi"]
[SourceDate "2013.02.04"]

1. c4 c5 2. g3 e6 3. Bg2 d5 4. cxd5 exd5 5. e3 Nf6 6. d4 c4 7. Nc3 Bb4 8. Nge2
O-O 9. O-O Nc6 10. a3 Ba5 11. Bd2 Bf5 12. Nf4 Bxc3 13. Bxc3 Ne4 14. f3 Nf6 15.
Qd2 Re8 16. Rae1 a6 17. Qd1 b5 18. b3 Qd7 19. bxc4 bxc4 20. Ba1 Na5 21. Nxd5
Nxd5 22. e4 Bg6 23. exd5 Bd3 24. Rxe8+ Rxe8 25. Re1 Nb3 26. Rxe8+ Qxe8 27. Bc3
Qe3+ 28. Kh1 Kf8 29. Qe1 Be2 30. f4 f5 31. d6 Ke8 32. h4 Kd7 33. Bb4 Nxd4 34.
Qg1 Qd3 35. h5 c3 36. Bc5 Nb5 37. Bb4 c2 38. Qc5 Bf3 39. Qe5 c1=Q+ 40. Kh2 Qce3
41. Qxg7+ Kc6 0-1

[Event "Madrid ch - Previa A 2013"]
[Site "Madrid ESP"]
[Date "2013.02.06"]
[Round "3.28"]
[White "De Mingo Matias, Jose Andres"]
[Black "Martinez Carrasco, Jesus"]
[Result "1/2-1/2"]
[WhiteElo "1476"]
[BlackElo "1610"]
[PlyCount "98"]
[EventDate "2013.02.04"]
[EventType "swiss"]
[EventRounds "9"]
[EventCountry "ESP"]
[Source "lmi"]
[SourceDate "2013.02.04"]

1. e4 c5 2. Nf3 e6 3. d4 cxd4 4. Nxd4 Nc6 5. Nc3 d6 6. Be3 Nf6 7. f3 Be7 8. Be2
O-O 9. Qd2 e5 10. Nf5 Bxf5 11. exf5 a6 12. g4 g6 13. Bh6 Re8 14. O-O-O Nd4 15.
g5 Nxe2+ 16. Qxe2 Nh5 17. f6 Bf8 18. Bxf8 Kxf8 19. Nd5 Nf4 20. Qd2 Nxd5 21.
Qxd5 Qc7 22. Qxd6+ Qxd6 23. Rxd6 Rad8 24. Rhd1 Rc8 25. Re1 Rc5 26. Rb6 Rc7 27.
Re4 Rd7 28. Reb4 Red8 29. b3 Rd1+ 30. Kb2 Rf1 31. Rxb7 Rxf3 32. Rb8 Ke8 33.
Rxd8+ Kxd8 34. Re4 Rf5 35. h4 Kd7 36. c4 Kd6 37. Kc3 a5 38. b4 Rf3+ 39. Kd2
axb4 40. Re3 Rf4 41. Rd3+ Kc6 42. Re3 e4 43. a3 Kc5 44. Rh3 Kxc4 45. axb4 Kxb4
46. Ke3 Rg4 47. Kd4 Rf4 48. Ke3 Rg4 49. Kd4 Rf4 1/2-1/2

[Event "Madrid ch - Previa A 2013"]
[Site "Madrid ESP"]
[Date "2013.02.06"]
[Round "3.29"]
[White "Benito Mellado, Humberto"]
[Black "Barragan Arriaza, Pablo"]
[Result "1-0"]
[WhiteElo "1585"]
[BlackElo "1264"]
[PlyCount "105"]
[EventDate "2013.02.04"]
[EventType "swiss"]
[EventRounds "9"]
[EventCountry "ESP"]
[Source "lmi"]
[SourceDate "2013.02.04"]

1. d4 d5 2. c4 c6 3. Nc3 Nf6 4. Nf3 e6 5. Bg5 Nbd7 6. e3 g6 7. Bd3 Bg7 8. O-O
O-O 9. e4 dxe4 10. Nxe4 Qc7 11. Nxf6+ Nxf6 12. Qd2 Rd8 13. Bh6 Qd7 14. Bxg7
Kxg7 15. Qf4 Qd6 16. Qh4 b6 17. Rad1 Bb7 18. Be4 Rab8 19. Rfe1 e5 20. Nxe5 c5
21. Bxb7 Rxb7 22. d5 Re8 23. f4 Rbe7 24. g4 h5 25. h3 hxg4 26. hxg4 Nd7 27. Nd3
Rxe1+ 28. Rxe1 Rxe1+ 29. Qxe1 Qf6 30. g5 Qd4+ 31. Nf2 Qxf4 32. Qe7 Nf8 33. d6
Qf5 34. Kf1 Qb1+ 35. Kg2 Qf5 36. a3 Qd7 37. b4 Qc6+ 38. Ne4 Ne6 39. Qf6+ Kg8
40. Qe5 Nxg5 41. d7 Ne6 42. Kg3 Qxd7 43. Nf6+ Kf8 44. Nxd7+ Ke7 45. Nf6 Kf8 46.
bxc5 Nxc5 47. Qb8+ Kg7 48. Ng4 f5 49. Qxa7+ Kf8 50. Ne5 Ne4+ 51. Kf4 Ke8 52.
Qd7+ Kf8 53. Qf7# 1-0

[Event "Madrid ch - Previa A 2013"]
[Site "Madrid ESP"]
[Date "2013.02.06"]
[Round "3.30"]
[White "Veuthey Martinez, Eloy"]
[Black "Apaza, Gabriela Erika"]
[Result "1/2-1/2"]
[WhiteElo "1584"]
[BlackElo "1196"]
[PlyCount "110"]
[EventDate "2013.02.04"]
[EventType "swiss"]
[EventRounds "9"]
[EventCountry "ESP"]
[Source "lmi"]
[SourceDate "2013.02.04"]

1. d4 Nf6 2. Nf3 e6 3. e3 Be7 4. Bd3 b6 5. O-O Bb7 6. c4 O-O 7. Nc3 c5 8. d5
exd5 9. cxd5 Nxd5 10. Nxd5 Bxd5 11. Bxh7+ Kxh7 12. Qxd5 Nc6 13. Rd1 Rc8 14.
Qxd7 Qxd7 15. Rxd7 Rfd8 16. Rxd8 Rxd8 17. Kf1 Rd1+ 18. Ke2 Rg1 19. g3 Rh1 20.
b3 Bf6 21. Rb1 Nb4 22. Ne1 Rxh2 23. Bb2 Nxa2 24. Bxf6 gxf6 25. Ra1 Nc3+ 26. Kd3
Nb5 27. Kc4 Nd6+ 28. Kd5 Nb5 29. Kc6 Nc3 30. Rxa7 Rxf2 31. Rxf7+ Kg6 32. Rb7
Re2 33. Nd3 Rxe3 34. Nf4+ Kf5 35. Rxb6 Rxg3 36. Nd5 Nxd5 37. Kxd5 Kg5 38. Kxc5
f5 39. b4 f4 40. Kd4 Ra3 41. Rb8 Kg4 42. Rg8+ Kf3 43. b5 Ke2 44. Re8+ Re3 45.
Rxe3+ fxe3 46. b6 Kd2 47. b7 e2 48. b8=Q e1=Q 49. Qb2+ Kd1 50. Kd3 Qg3+ 51. Ke4
Qg4+ 52. Kd3 Qf3+ 53. Kc4 Qe4+ 54. Kc5 Qc2+ 55. Qxc2+ Kxc2 1/2-1/2

[Event "Madrid ch - Previa A 2013"]
[Site "Madrid ESP"]
[Date "2013.02.11"]
[Round "4.1"]
[White "Perez Cameselle, Francisco"]
[Black "Rosa Ramirez, Victor D"]
[Result "0-1"]
[WhiteElo "1885"]
[BlackElo "1911"]
[PlyCount "62"]
[EventDate "2013.02.04"]
[EventType "swiss"]
[EventRounds "9"]
[EventCountry "ESP"]
[Source "lmi"]
[SourceDate "2013.02.04"]

1. Nf3 d5 2. g3 Nf6 3. Bg2 c6 4. d3 Bg4 5. h3 Bh5 6. O-O Nbd7 7. Nbd2 e6 8. e4
dxe4 9. dxe4 Qc7 10. Qe2 Bc5 11. Nb3 Qxg3 12. Nxc5 Bxf3 13. Qxf3 Qxf3 14. Bxf3
Nxc5 15. Re1 e5 16. b4 Ne6 17. Bb2 Nd7 18. Rad1 Ke7 19. Rd2 Nb6 20. Be2 f6 21.
Kg2 Rad8 22. Rxd8 Nf4+ 23. Kg3 Rxd8 24. Bd1 Na4 25. Bc1 Nc3 26. Bf3 Nxa2 27.
Bxf4 exf4+ 28. Kxf4 Nxb4 29. Rb1 a5 30. c3 Nd3+ 31. Ke3 Nc5 0-1

[Event "Madrid ch - Previa A 2013"]
[Site "Madrid ESP"]
[Date "2013.02.11"]
[Round "4.3"]
[White "Camarero Izquierdo, Juan Carlos"]
[Black "Fernandez Garcia, Ignacio"]
[Result "1-0"]
[WhiteElo "1922"]
[BlackElo "1835"]
[PlyCount "97"]
[EventDate "2013.02.04"]
[EventType "swiss"]
[EventRounds "9"]
[EventCountry "ESP"]
[Source "lmi"]
[SourceDate "2013.02.04"]

1. d4 Nf6 2. Nc3 d6 3. e4 g6 4. Be3 Bg7 5. Qd2 Ng4 6. O-O-O Nxe3 7. Qxe3 c6 8.
f4 b5 9. e5 d5 10. h4 h5 11. Nf3 Qa5 12. Kb1 Na6 13. Bd3 Nb4 14. Ng5 Nxd3 15.
Qxd3 Bf5 16. Qe3 e6 17. Ne2 O-O 18. Ng3 Bg4 19. Rd3 b4 20. Nf3 c5 21. dxc5 Rac8
22. Nh2 Qxc5 23. Qd2 f5 24. Nxg4 fxg4 25. Rd4 a5 26. Rd1 Bh6 27. Qd3 Kg7 28. f5
exf5 29. Rxd5 Qc4 30. Rxa5 Rf7 31. Qxc4 Rxc4 32. e6 Re7 33. Rd7 Rxd7 34. exd7
Rd4 35. a3 bxa3 36. Rxa3 Rxd7 37. b4 Bd2 38. b5 Bb4 39. Rb3 Bc5 40. Ne2 Rd2 41.
Nf4 Bb6 42. Rd3 Rxd3 43. Nxd3 g5 44. hxg5 Kg6 45. c4 h4 46. c5 Bxc5 47. Nxc5 h3
48. gxh3 g3 49. Nd3 1-0

[Event "Madrid ch - Previa A 2013"]
[Site "Madrid ESP"]
[Date "2013.02.11"]
[Round "4.4"]
[White "Lopez Heras, Arturo"]
[Black "Barroso Barroso, Jorge"]
[Result "1-0"]
[WhiteElo "1917"]
[BlackElo "1859"]
[PlyCount "91"]
[EventDate "2013.02.04"]
[EventType "swiss"]
[EventRounds "9"]
[EventCountry "ESP"]
[Source "lmi"]
[SourceDate "2013.02.04"]

1. e4 e6 2. d4 d5 3. e5 c5 4. Nf3 Nc6 5. Bd3 cxd4 6. O-O Nge7 7. Bf4 Bd7 8. a3
Ng6 9. Bg3 Qb6 10. b4 a6 11. Nbd2 Na7 12. Nb3 Bb5 13. Nbxd4 Bxd3 14. Qxd3 Ne7
15. c4 dxc4 16. Qxc4 Rc8 17. Qb3 Nec6 18. Rfd1 Nxd4 19. Rxd4 Nc6 20. Rg4 h5 21.
Re4 Be7 22. Bh4 O-O 23. Rae1 Rfd8 24. Bxe7 Nxe7 25. g4 Nd5 26. Ng5 Qc6 27. Qh3
f6 28. exf6 Nxf6 29. Rxe6 Qc3 30. R6e3 Qc2 31. gxh5 Rd1 32. h6 Rxe1+ 33. Rxe1
Qc4 34. h7+ Kh8 35. Nf7+ Qxf7 36. Qxc8+ Kxh7 37. Qh3+ Nh5 38. Qd3+ Kh8 39. Rc1
Qe6 40. Kf1 Qg4 41. Re1 Nf6 42. Re3 Qg5 43. Qb3 Nd5 44. Re8+ Kh7 45. Qh3+ Kg6
46. Qg3 1-0

[Event "Madrid ch - Previa A 2013"]
[Site "Madrid ESP"]
[Date "2013.02.11"]
[Round "4.5"]
[White "Saber, Salah"]
[Black "Ruiz Quevedo, Andres"]
[Result "0-1"]
[WhiteElo "1844"]
[BlackElo "1917"]
[PlyCount "110"]
[EventDate "2013.02.04"]
[EventType "swiss"]
[EventRounds "9"]
[EventCountry "ESP"]
[Source "lmi"]
[SourceDate "2013.02.04"]

1. d4 Nf6 2. c4 c5 3. d5 a6 4. Nc3 b5 5. cxb5 axb5 6. Nxb5 e6 7. dxe6 Qa5+ 8.
Nc3 fxe6 9. e3 Be7 10. Bd2 Qb6 11. Qc2 O-O 12. Nf3 Nc6 13. Be2 d5 14. O-O Bb7
15. Na4 Qa7 16. b3 Ne4 17. Bc3 Nxc3 18. Nxc3 d4 19. Nb5 Qb6 20. a4 Nb4 21. Qd2
d3 22. Bd1 Qc6 23. Ne1 Rad8 24. Bf3 Qb6 25. Bxb7 Qxb7 26. Rc1 Rf5 27. Rc4 e5
28. g3 e4 29. Ng2 Bg5 30. h4 Bh6 31. g4 Rf3 32. g5 Qd5 33. Nc3 Qf5 34. Rxe4
Bxg5 35. hxg5 Qxg5 36. Rf4 Rh3 37. Ne4 Qh6 38. Ng3 Nc6 39. Rc1 g5 40. Re4 Qg6
41. Rcc4 h5 42. Ne1 Qd6 43. Kg2 g4 44. Rxg4+ hxg4 45. Rxg4+ Kf7 46. Kxh3 Qe6
47. f3 Ne5 48. Ne4 Rg8 49. Nf2 Rh8+ 50. Kg3 Nxg4 51. Nxg4 Qxb3 52. Nxd3 Rd8 53.
Nxc5 Qb8+ 54. Ne5+ Qxe5+ 55. f4 Qg7+ 0-1

[Event "Madrid ch - Previa A 2013"]
[Site "Madrid ESP"]
[Date "2013.02.11"]
[Round "4.6"]
[White "Rodriguez Bachiller, luis"]
[Black "Martin-Consuegra Barrilero, Francisco Javier"]
[Result "0-1"]
[WhiteElo "1776"]
[BlackElo "1883"]
[PlyCount "90"]
[EventDate "2013.02.04"]
[EventType "swiss"]
[EventRounds "9"]
[EventCountry "ESP"]
[Source "lmi"]
[SourceDate "2013.02.04"]

1. e4 d6 2. d4 Nf6 3. Nc3 e5 4. dxe5 dxe5 5. Qxd8+ Kxd8 6. Bg5 c6 7. Nf3 Bd6 8.
Bc4 Be6 9. O-O-O Kc7 10. Bxe6 fxe6 11. Bh4 h6 12. Bg3 Nbd7 13. Rd3 Nc5 14. Re3
Ncd7 15. Nd2 b5 16. f3 Nh5 17. Ne2 g5 18. h3 Nf4 19. Bxf4 gxf4 20. Rc3 b4 21.
Rb3 Nc5 22. Rxb4 Nd3+ 23. cxd3 Bxb4 24. Nc4 Bd6 25. Kd1 Rhg8 26. Rh2 h5 27. Ke1
h4 28. b3 a5 29. Nb2 Bc5 30. Na4 Be3 31. Kf1 Rad8 32. d4 exd4 33. Nc5 d3 34.
Nxe6+ Kb6 35. Nc3 Rd6 36. Na4+ Ka7 37. Nxf4 Bxf4 38. Rh1 d2 39. Ke2 Rxg2+ 40.
Kd1 Rdg6 41. Nc3 Rg1+ 42. Rxg1 Rxg1+ 43. Ke2 Re1+ 44. Kf2 d1=Q 45. Nxd1 Rxd1
0-1

[Event "Madrid ch - Previa A 2013"]
[Site "Madrid ESP"]
[Date "2013.02.11"]
[Round "4.7"]
[White "Santamaria Baeza, Adolfo"]
[Black "Carrera Cabaneros, Francisco"]
[Result "1-0"]
[WhiteElo "1873"]
[BlackElo "1795"]
[PlyCount "94"]
[EventDate "2013.02.04"]
[EventType "swiss"]
[EventRounds "9"]
[EventCountry "ESP"]
[Source "lmi"]
[SourceDate "2013.02.04"]

1. e4 e6 2. Nf3 d5 3. exd5 exd5 4. d4 Nf6 5. Bg5 Be7 6. Nbd2 O-O 7. Be2 Re8 8.
O-O Be6 9. Ne5 Nbd7 10. Bb5 c6 11. Bd3 h6 12. Bh4 Nxe5 13. dxe5 Nd7 14. Bxe7
Rxe7 15. f4 Nc5 16. Nb3 Nxd3 17. cxd3 Qb6+ 18. d4 Bf5 19. Re1 Rae8 20. Re3 f6
21. Kh1 fxe5 22. fxe5 Qb5 23. Qd2 Rf8 24. a4 Qb6 25. Nc5 Qc7 26. h3 b6 27. Nb3
Re6 28. a5 Be4 29. Rg3 c5 30. axb6 axb6 31. Rc1 c4 32. Qe3 Qf7 33. Nd2 Bd3 34.
Rf3 Qg6 35. Rxf8+ Kxf8 36. Nxc4 dxc4 37. d5 Be4 38. Qf2+ Rf6 39. exf6 Qxf6 40.
Qxf6+ gxf6 41. Rxc4 Bd3 42. Rc7 h5 43. d6 Ke8 44. h4 b5 45. Kg1 f5 46. g3 Bc4
47. Kf2 Be6 1-0

[Event "Madrid ch - Previa A 2013"]
[Site "Madrid ESP"]
[Date "2013.02.11"]
[Round "4.8"]
[White "Morera Rodriguez, Ignacio"]
[Black "Corredor Gonzalez, Angel L"]
[Result "1-0"]
[WhiteElo "1863"]
[BlackElo "1793"]
[PlyCount "55"]
[EventDate "2013.02.04"]
[EventType "swiss"]
[EventRounds "9"]
[EventCountry "ESP"]
[Source "lmi"]
[SourceDate "2013.02.04"]

1. d4 Nf6 2. c4 e6 3. Nf3 c5 4. d5 b5 5. dxe6 fxe6 6. Nc3 bxc4 7. e4 d5 8. Bg5
Be7 9. exd5 exd5 10. Bxf6 Bxf6 11. Nxd5 Bxb2 12. Qe2+ Kf7 13. Qxb2 Qxd5 14.
Ne5+ Kf6 15. Nxc4+ Qd4 16. Qxd4+ cxd4 17. O-O-O Nc6 18. Nd6 Be6 19. Bb5 Bd5 20.
f3 Ke5 21. Bxc6 Bxc6 22. Nf7+ Kd5 23. Nxh8 Rxh8 24. Rhe1 Ba4 25. Rd2 Rc8+ 26.
Kb2 Rc7 27. Re4 Rc4 28. Re7 1-0

[Event "Madrid ch - Previa A 2013"]
[Site "Madrid ESP"]
[Date "2013.02.11"]
[Round "4.9"]
[White "Osorio Ramos, Francisco"]
[Black "Amick, Cisneros"]
[Result "1/2-1/2"]
[WhiteElo "1831"]
[BlackElo "1789"]
[PlyCount "45"]
[EventDate "2013.02.04"]
[EventType "swiss"]
[EventRounds "9"]
[EventCountry "ESP"]
[Source "lmi"]
[SourceDate "2013.02.04"]

1. d4 Nf6 2. Bg5 g6 3. Bxf6 exf6 4. c4 Bg7 5. Nc3 O-O 6. e3 d6 7. g3 c5 8. Bg2
f5 9. Nge2 Nd7 10. O-O Nf6 11. b4 Re8 12. b5 Ne4 13. Nxe4 fxe4 14. Nc3 f5 15.
Rc1 Bd7 16. a4 a5 17. Qd2 Qg5 18. Rfd1 h5 19. h4 Qf6 20. Qe2 Rac8 21. Rb1 Rb8
22. Rbc1 Qf7 23. Rd2 1/2-1/2

[Event "Madrid ch - Previa A 2013"]
[Site "Madrid ESP"]
[Date "2013.02.11"]
[Round "4.10"]
[White "Zuazua Conde, Ivan Javier"]
[Black "Garcia Gonzalez, Pedro A"]
[Result "0-1"]
[WhiteElo "1605"]
[BlackElo "1830"]
[PlyCount "126"]
[EventDate "2013.02.04"]
[EventType "swiss"]
[EventRounds "9"]
[EventCountry "ESP"]
[Source "lmi"]
[SourceDate "2013.02.04"]

1. d4 f5 2. c4 Nf6 3. Nf3 e6 4. g3 d5 5. b3 Bb4+ 6. Bd2 Be7 7. Bg2 c6 8. O-O
O-O 9. Qc2 Qe8 10. Nc3 Qh5 11. e3 Nbd7 12. Ne2 g5 13. cxd5 Nxd5 14. a3 N7f6 15.
Rfe1 Bd7 16. Ne5 Rad8 17. Nc3 Bc8 18. Na4 Bd6 19. Nf3 Ne4 20. Nc5 Nxd2 21. Nxd2
Nf6 22. Qc4 Qf7 23. Nd3 Kh8 24. Nf3 Ne4 25. Nfe5 Qf6 26. b4 g4 27. Rac1 h5 28.
f4 Kg7 29. Nf2 Nxf2 30. Kxf2 h4 31. Qc3 Rh8 32. Rh1 Rh5 33. e4 Rdh8 34. Rce1
R8h6 35. exf5 exf5 36. Nd3 Be6 37. Nc5 Bxc5 38. Qxc5 b6 39. Qd6 hxg3+ 40. hxg3
Rxh1 41. Rxh1 Bd5 42. Qxf6+ Rxf6 43. Bxd5 cxd5 44. Rc1 Rf7 45. a4 Re7 46. Re1
Rc7 47. Re5 Rc2+ 48. Re2 Rc4 49. Re7+ Kf6 50. Rxa7 Rxb4 51. Ke3 Rb3+ 52. Kf2
Rf3+ 53. Kg2 Rd3 54. Ra6 Rxd4 55. Rxb6+ Ke7 56. a5 Rd2+ 57. Kf1 Ra2 58. a6 d4
59. Rb7+ Ke6 60. a7 Kd5 61. Rd7+ Ke4 62. Rb7 Ke3 63. Rb3+ d3 0-1

[Event "Madrid ch - Previa A 2013"]
[Site "Madrid ESP"]
[Date "2013.02.11"]
[Round "4.14"]
[White "Roldan Garcia, Angel"]
[Black "Santacruz Molina, Ildefonso"]
[Result "1/2-1/2"]
[WhiteElo "1748"]
[BlackElo "1885"]
[PlyCount "103"]
[EventDate "2013.02.04"]
[EventType "swiss"]
[EventRounds "9"]
[EventCountry "ESP"]
[Source "lmi"]
[SourceDate "2013.02.04"]

1. e4 c5 2. Nf3 a6 3. c3 d5 4. exd5 Qxd5 5. d4 Bg4 6. Be2 e6 7. O-O Nf6 8. Be3
Nbd7 9. c4 Qd6 10. Nc3 Be7 11. dxc5 Nxc5 12. Qxd6 Bxd6 13. Rfd1 Be7 14. h3 Bh5
15. Ne5 Bxe2 16. Nxe2 Nfd7 17. Nxd7 Nxd7 18. Bd4 f6 19. Nc3 Kf7 20. Ne4 Rhd8
21. Bc3 Nc5 22. Nxc5 Bxc5 23. Kf1 Rac8 24. Ke2 e5 25. f3 Bd6 26. b3 Bc5 27.
Rxd8 Rxd8 28. Rd1 Rxd1 29. Kxd1 Ke6 30. Ke2 g6 31. Kd3 h5 32. b4 Be7 33. Ke4
f5+ 34. Kd3 Bf6 35. Bd2 g5 36. g4 hxg4 37. hxg4 e4+ 38. Ke2 exf3+ 39. Kxf3 Be7
40. gxf5+ Kxf5 41. a4 g4+ 42. Kg2 Ke4 43. b5 Kd3 44. bxa6 bxa6 45. Be1 Bd6 46.
c5 Bxc5 47. Kg3 Kc4 48. Kxg4 Kb3 49. Kf3 Kxa4 50. Ke2 Kb3 51. Kd1 Ba3 52. Bd2
1/2-1/2

[Event "Madrid ch - Previa A 2013"]
[Site "Madrid ESP"]
[Date "2013.02.11"]
[Round "4.16"]
[White "Hernandez Gutierrez, Jose"]
[Black "Maseda Iglesias, Luis"]
[Result "0-1"]
[WhiteElo "1852"]
[BlackElo "1747"]
[PlyCount "68"]
[EventDate "2013.02.04"]
[EventType "swiss"]
[EventRounds "9"]
[EventCountry "ESP"]
[Source "lmi"]
[SourceDate "2013.02.04"]

1. e4 e6 2. d4 d5 3. Nd2 Nf6 4. e5 Nfd7 5. Bd3 c5 6. c3 Nc6 7. Ne2 cxd4 8. cxd4
f6 9. exf6 Nxf6 10. Nf3 Bd6 11. O-O O-O 12. Bf4 Bxf4 13. Nxf4 Ne4 14. g3 Qf6
15. Be2 Bd7 16. h4 Rad8 17. Bb5 Ne7 18. Bxd7 Rxd7 19. Ne5 Rc7 20. Qg4 Nf5 21.
Rac1 Re7 22. Nh5 Qh6 23. f3 Ne3 24. Qh3 Nxf1 25. Rxf1 Qxh5 26. fxe4 Rxf1+ 27.
Qxf1 dxe4 28. Qe1 Qf5 29. Qe3 Rc7 30. g4 Qf6 31. g5 Qf5 32. b3 Rc2 33. a4 Ra2
34. Kh1 Qf1+ 0-1

[Event "Madrid ch - Previa A 2013"]
[Site "Madrid ESP"]
[Date "2013.02.11"]
[Round "4.17"]
[White "Tsakas, Nikolaos"]
[Black "Gonzalez Recas, Fernando"]
[Result "1/2-1/2"]
[WhiteElo "1720"]
[BlackElo "1844"]
[PlyCount "111"]
[EventDate "2013.02.04"]
[EventType "swiss"]
[EventRounds "9"]
[EventCountry "ESP"]
[Source "lmi"]
[SourceDate "2013.02.04"]

1. e4 d6 2. d4 Nf6 3. Nc3 g6 4. f4 Bg7 5. Nf3 c5 6. h3 cxd4 7. Nxd4 O-O 8. Be3
Nbd7 9. Qd2 Nc5 10. Bd3 b6 11. Nf3 Bb7 12. e5 Nxd3+ 13. Qxd3 dxe5 14. Nxe5 Qxd3
15. Nxd3 Bxg2 16. Rh2 Bb7 17. Ne2 Rad8 18. Bd4 Rfe8 19. Be5 Rd7 20. Nc3 Red8
21. Rd1 Bh6 22. Nb4 Nh5 23. Rxd7 Rxd7 24. Nd3 f6 25. Bb8 Ba6 26. Nb4 Bc4 27.
Rf2 Kf7 28. Nc6 a6 29. b3 Be6 30. Na4 Ke8 31. Nxb6 Rb7 32. Na4 Rxb8 33. Nxb8
Bxf4 34. Nxa6 Bg3 35. Nc7+ Kd7 36. Nxe6 Kxe6 37. Ke2 Bxf2 38. Kxf2 Nf4 39. h4
h5 40. Kf3 Nd5 41. c4 Nb4 42. Nc3 Ke5 43. a3 Nc2 44. Nb5 g5 45. hxg5 fxg5 46.
a4 Nb4 47. a5 Na6 48. Na7 Kd6 49. Nc8+ Kd7 50. Nb6+ Kc6 51. Nd5 e6 52. Nf6 Kc5
53. Ne4+ Kb4 54. Nxg5 Kxb3 55. Nxe6 Kxc4 56. Nf4 1/2-1/2

[Event "Madrid ch - Previa A 2013"]
[Site "Madrid ESP"]
[Date "2013.02.11"]
[Round "4.18"]
[White "Martinez Miura, Enrique"]
[Black "Lopez Peral, Enrique"]
[Result "1/2-1/2"]
[WhiteElo "1733"]
[BlackElo "1833"]
[PlyCount "60"]
[EventDate "2013.02.04"]
[EventType "swiss"]
[EventRounds "9"]
[EventCountry "ESP"]
[Source "lmi"]
[SourceDate "2013.02.04"]

1. e4 e5 2. Nf3 Nf6 3. Nxe5 d6 4. Nf3 Nxe4 5. d4 d5 6. Bd3 Be7 7. O-O Nc6 8. c3
Bf5 9. Re1 O-O 10. Qc2 Bf6 11. Nbd2 Nxd2 12. Bxd2 Bxd3 13. Qxd3 Qd6 14. Re2
Rfe8 15. Rae1 Re7 16. Ng5 Bxg5 17. Bxg5 f6 18. Bh4 Rae8 19. Bg3 Rxe2 20. Rxe2
Rxe2 21. Qxe2 Qd7 22. Bxc7 Kf8 23. Bf4 Qf5 24. Bd6+ Kf7 25. Qe1 Qe6 26. Qxe6+
Kxe6 27. Bf8 Kf7 28. Bd6 Ke6 29. Bf8 Kf7 30. Bd6 Ke6 1/2-1/2

[Event "Madrid ch - Previa A 2013"]
[Site "Madrid ESP"]
[Date "2013.02.11"]
[Round "4.19"]
[White "Redondo Garcia, Jose Luis"]
[Black "Corral Aragon, Juan Maria"]
[Result "1-0"]
[WhiteElo "1812"]
[BlackElo "1753"]
[PlyCount "55"]
[EventDate "2013.02.04"]
[EventType "swiss"]
[EventRounds "9"]
[EventCountry "ESP"]
[Source "lmi"]
[SourceDate "2013.02.04"]

1. c4 c6 2. g3 g6 3. Bg2 Nf6 4. Nc3 Bg7 5. e3 O-O 6. d4 d5 7. cxd5 cxd5 8. Nge2
Nc6 9. a3 Re8 10. O-O b6 11. b4 Bb7 12. Bb2 e5 13. b5 exd4 14. bxc6 dxc3 15.
cxb7 cxb2 16. bxa8=Q Qd6 17. Qxe8+ Nxe8 18. Rb1 Qxa3 19. Qxd5 Qe7 20. Nd4 Nf6
21. Qa8+ Bf8 22. Rxb2 Qa3 23. Rc2 Kg7 24. Rc7 a5 25. Qb7 Qa2 26. Qxb6 a4 27.
Ne6+ Kg8 28. Nxf8 1-0

[Event "Madrid ch - Previa A 2013"]
[Site "Madrid ESP"]
[Date "2013.02.11"]
[Round "4.20"]
[White "Castro Uceda, Jose Antonio"]
[Black "Martinez Rubio, Felipe"]
[Result "0-1"]
[WhiteElo "1668"]
[BlackElo "1826"]
[PlyCount "114"]
[EventDate "2013.02.04"]
[EventType "swiss"]
[EventRounds "9"]
[EventCountry "ESP"]
[Source "lmi"]
[SourceDate "2013.02.04"]

1. d4 d5 2. c4 Nf6 3. e3 c6 4. Nc3 Bf5 5. Bd3 Bxd3 6. Qxd3 e6 7. Nf3 Nbd7 8.
O-O Bd6 9. e4 dxe4 10. Nxe4 Nxe4 11. Qxe4 Nf6 12. Qh4 Be7 13. Qg3 O-O 14. Bh6
Ne8 15. Rad1 Kh8 16. Bf4 f6 17. h4 Bd6 18. c5 Bxf4 19. Qxf4 Nc7 20. Nd2 Nd5 21.
Qe4 Qd7 22. Nc4 Rfe8 23. Nd6 Re7 24. Qg4 b6 25. Rfe1 Nc7 26. b4 Ne8 27. Nc4 b5
28. Nb2 a5 29. Nd3 axb4 30. Nxb4 Ra4 31. Rb1 Nc7 32. Rb2 Nd5 33. Nxd5 Qxd5 34.
Qg3 Rxd4 35. Qb8+ Qd8 36. Qxd8+ Rxd8 37. Rbe2 e5 38. f4 Rd5 39. fxe5 fxe5 40.
Rc2 Kg8 41. Kf2 Kf7 42. Kf3 Ke6 43. g4 Rf7+ 44. Kg3 Rf4 45. Re3 Rdd4 46. Ra3
Rxg4+ 47. Kf3 Rxh4 48. Ra6 Kd5 49. Ra7 Rc4 50. Rd7+ Kxc5 51. Rxc4+ Kxc4 52.
Rxg7 c5 53. Re7 Rh5 54. Ke3 Kb4 55. Rd7 c4 56. Rd5 c3 57. Kd3 e4+ 0-1

[Event "Madrid ch - Previa A 2013"]
[Site "Madrid ESP"]
[Date "2013.02.11"]
[Round "4.21"]
[White "Olano Lanchas, Dionisio"]
[Black "Benito Mellado, Humberto"]
[Result "1-0"]
[WhiteElo "1759"]
[BlackElo "1585"]
[PlyCount "85"]
[EventDate "2013.02.04"]
[EventType "swiss"]
[EventRounds "9"]
[EventCountry "ESP"]
[Source "lmi"]
[SourceDate "2013.02.04"]

1. e4 c5 2. Nc3 Nc6 3. a3 e5 4. Nf3 Nf6 5. Bc4 h6 6. O-O d6 7. h3 Na5 8. Ba2 c4
9. d3 Be6 10. d4 exd4 11. Nxd4 Bd7 12. Qe2 Rc8 13. Bf4 Be7 14. Rfd1 O-O 15. Qf3
a6 16. Nf5 Bxf5 17. exf5 b5 18. Rd4 Nc6 19. Rd2 Qc7 20. Rad1 Rfd8 21. g4 Bf8
22. g5 hxg5 23. Bxg5 Ne5 24. Qg2 Qc6 25. Nd5 Ned7 26. Bxf6 Nxf6 27. Nxf6+ Kh8
28. Nd5 Re8 29. Rd4 Be7 30. Qg4 Kg8 31. f6 Bf8 32. Ne7+ Rxe7 33. fxe7 Bxe7 34.
Qf5 g6 35. Qd5 Qd7 36. Rf4 Rf8 37. Rg4 Kh7 38. Re1 f5 39. Rg3 Bh4 40. Rge3 f4
41. Re6 Rf5 42. Qxd6 Qa7 43. Re7+ 1-0

[Event "Madrid ch - Previa A 2013"]
[Site "Madrid ESP"]
[Date "2013.02.11"]
[Round "4.23"]
[White "Casal Martin, Jose M"]
[Black "Beekhof Harmsen, Willen"]
[Result "0-1"]
[WhiteElo "1483"]
[BlackElo "1725"]
[PlyCount "108"]
[EventDate "2013.02.04"]
[EventType "swiss"]
[EventRounds "9"]
[EventCountry "ESP"]
[Source "lmi"]
[SourceDate "2013.02.04"]

1. e4 d6 2. d4 Nf6 3. Nc3 Nbd7 4. f4 e5 5. fxe5 dxe5 6. dxe5 Nxe5 7. Qxd8+ Kxd8
8. Bf4 Bd6 9. O-O-O Ke7 10. h3 Rd8 11. Bxe5 Bxe5 12. Rxd8 Kxd8 13. Nf3 Bxc3 14.
bxc3 Nxe4 15. Bc4 f6 16. Kb2 c6 17. Re1 Nd6 18. Bg8 h6 19. Nd4 g5 20. Bh7 Nc4+
21. Kb3 Ne5 22. Rf1 c5 23. Nf3 Be6+ 24. Kb2 Nc4+ 25. Kc1 Ke7 26. Re1 Kf7 27.
Be4 Nd6 28. a3 f5 29. Ne5+ Kf6 30. Bd3 c4 31. Bf1 b5 32. Nc6 a5 33. Rd1 Ne4 34.
Kb2 Ra6 35. Nd4 b4 36. Nxe6 bxa3+ 37. Kxa3 Rxe6 38. Bxc4 Rc6 39. Bf1 Rxc3+ 40.
Kb2 Ke5 41. Rd3 Rc5 42. Be2 f4 43. Ra3 Ng3 44. Bd3 h5 45. Ba6 Nf5 46. Be2 Ne3
47. Rc3 Rxc3 48. Kxc3 g4 49. hxg4 hxg4 50. Kb3 Kd4 51. Ka4 Kc3 52. Bd3 Nxc2 53.
Be2 Ne3 54. Kxa5 Kd2 0-1